000 00188nam a22000977a 4500
082 _a494
_bSHA/B
245 _aBHUDHADEV
260 _aDELHI
_bDREAMLINED
650 _aSTORY
_zDELHI
942 _cBK
999 _c4584
_d4584